000 02682cam a22004694i 4500
003 PE-LiUPU
005 20250731165358.0
008 150921s2013 pe grm 000 0 spa d
035 _a(Sirsi) a154484
040 _aPE-LiUPU
_bspa
_cPE-LiUPU
_erda
099 _aTE 3
_bC69 2013
100 1 _aCoila Jallahui, Noé
_eautor
245 1 _aPercepción sobre la comunicación interna en los docentes de la Universidad Peruana Unión Filial Juliaca 2012 /
_cNoé Coila Jallahui.
264 0 _c2013.
300 _a135 hojas :
_bilustraciones;
_c30 cm
336 _atext
_2rdacontent
337 _aunmediated
_2rdamedia
338 _avolume
_2rdacarrier
502 _aTesis
_b(Mg.) --
_cUniversidad Peruana Unión,
_d2013.
504 _aIncluye referencias
520 3 _aLa investigación surge debido al problema que existe dentro del mercado global, en el que sobresale la competividad dentro de las empresas, un tópico que atañe al administrador, debido a esto, planteamos la idea de mejorar la Comunicación Interna, que es un área en la que poco se ha investigado en el seno de la Universidad Peruana Unión, filial Juliaca. La comunicación es la trasmisión de información de una persona a otra o de una organización a otra. Más aun, la comunicación interna es el proceso mediante el cual la información es intercambiada, comprendida y compartida por dos o más personas en el seno de la institución. La investigación es descriptiva, debido a que se describe, analiza e interpreta los resultados del comportamiento de las variables o componentes. El diseño de la investigación es no experimental y transversal, porque se obtuvieron los datos en un momento dado y en un tiempo único, sin manipular las variables, con el propósito de describir la variable de la comunicación interna de la Universidad Peruana Unión por medio de la valoración de los trabajadores del área académico.
526 _aSEG44
526 _aSEG26
526 _aP151
526 _aP150
526 _aP149
526 _aP146
526 _aP145
526 _aP126
526 _aP125
526 _aP92
526 _aP75
526 _aP74
526 _aP27
526 _aP15
610 0 4 _aUniversidad Peruana Unión Filial Juliaca
_xComunicación en la gestión
_vTesis.
650 0 4 _aProfesores universitarios
_xComunicación
_vTesis.
596 _a1
942 _2ddc
_cTESIS
999 _aTE 3 C69 2013
_wALPHANUM
_c7185
_iT01393
_lCCODEBUL3
_mBUL
_r1
_sY
_tTESIS
_u2015-9-21
_xPOSGRADO
_PP57
_o.STAFF. Tesis
_d7185
999 _aTE 3 C69 2013
_wALPHANUM
_c2
_iT01685
_lCCODEBUL3
_mBUL
_r1
_sY
_tTESIS
_u2015-9-21
_xPOSGRADO
_PP57
_o.STAFF. Tesis
980 _81
_gALBERTO SANCHEZ Responsable de Automatización